[Event "Paris-ch Open B"]
[Site "Paris"]
[Date "2012.07.12"]
[Round "6.3"]
[White "Theodore, Simon"]
[Black "Vuddamalay, Milan"]
[Result "0-1"]
[WhiteElo "1793"]
[BlackElo "1857"]
[PlyCount "120"]
[EventDate "2012.07.07"]
[EventCountry "FRA"]
[SourceDate "2012.07.07"]

1. c4 c6 2. Nc3 d5 3. cxd5 cxd5 4. d4 Nf6 5. g3 Nc6 6. Bg2 Bf5 7. Nf3 e6 8. a3
Be7 9. O-O O-O 10. Bf4 h6 11. Rc1 Rc8 12. Ne5 a6 13. Nxc6 Rxc6 14. Na4 Rxc1 15.
Qxc1 Qd7 16. Nc3 Rc8 17. Qd2 b5 18. Be5 Ng4 19. e4 dxe4 20. Bf4 Rd8 21. Nxe4
Qxd4 22. Qxd4 Rxd4 23. f3 Nf6 24. Be5 Rc4 25. Nd6 Rc2 26. Nxf5 exf5 27. Rd1 Kf8
28. Bc3 a5 29. Bf1 b4 30. axb4 axb4 31. Bd3 Bc5+ 32. Kh1 Rf2 33. Bxf6 gxf6 34.
b3 Rxf3 35. Bc4 f4 36. Rf1 Rxf1+ 37. Bxf1 fxg3 38. hxg3 Kg7 39. Kg2 Kg6 40.
Bd3+ Kg5 41. Bc4 Kg4 42. Bxf7 Bd6 43. Be6+ f5 44. Bd7 Bxg3 45. Be6 h5 46. Bc4
h4 47. Be2+ Kf4 48. Bf3 Be1 49. Be2 Ke3 50. Bh5 Bf2 51. Bd1 Bg3 52. Bh5 Be5 53.
Bf7 Kf4 54. Bh5 Bd6 55. Bd1 Ke3 56. Bh5 Bc7 57. Bd1 f4 58. Bh5 f3+ 59. Kf1 h3
60. Kg1 h2+ 0-1

[Event "Paris-ch Open B"]
[Site "Paris"]
[Date "2012.07.12"]
[Round "6.4"]
[White "Marceau, Amaury"]
[Black "Le Bris, Louis"]
[Result "1/2-1/2"]
[WhiteElo "1843"]
[BlackElo "1824"]
[PlyCount "52"]
[EventDate "2012.07.07"]
[EventCountry "FRA"]
[SourceDate "2012.07.07"]

1. c4 e5 2. Nc3 f5 3. g3 Nc6 4. Bg2 Nf6 5. d3 g6 6. Nf3 Bg7 7. O-O O-O 8. Rb1
d6 9. b4 h6 10. Qb3 Kh7 11. b5 Ne7 12. a4 Be6 13. Nd2 Rb8 14. Ba3 Nh5 15. Bb2
Qc8 16. e3 g5 17. Qc2 Kh8 18. Ne2 f4 19. d4 Bh3 20. dxe5 Bxg2 21. Kxg2 dxe5 22.
exf4 gxf4 23. Nf3 Qe6 24. Qe4 Ng6 25. Rbd1 Rbd8 26. h3 fxg3 1/2-1/2

[Event "Paris-ch Open B"]
[Site "Paris"]
[Date "2012.07.12"]
[Round "6.5"]
[White "Bournique, Bruno"]
[Black "Trouve, Guillaume"]
[Result "0-1"]
[WhiteElo "1832"]
[BlackElo "1796"]
[PlyCount "88"]
[EventDate "2012.07.07"]
[EventCountry "FRA"]
[SourceDate "2012.07.07"]

1. e4 c5 2. Nf3 e6 3. d4 cxd4 4. Nxd4 a6 5. c4 Nf6 6. Nc3 Qc7 7. Bd3 Be7 8. O-O
O-O 9. Be3 d6 10. Qe2 Nbd7 11. f4 g6 12. Nb3 b6 13. Rac1 Bb7 14. f5 exf5 15.
exf5 Ne5 16. fxg6 hxg6 17. Nd4 Nxd3 18. Qxd3 Kg7 19. Nd5 Qd7 20. Rxf6 Bxd5 21.
cxd5 Bxf6 22. Rc6 b5 23. Qc2 Qg4 24. Nf3 Rac8 25. b3 Rfe8 26. Bf2 Qd7 27. Nd4
Bxd4 28. Bxd4+ f6 29. Qc3 Rxc6 30. Bxf6+ Kf7 31. dxc6 Qf5 32. Bg7 Qc5+ 33. Qd4
Qxd4+ 34. Bxd4 Rc8 35. Kf2 Rxc6 36. a3 Ke6 37. h4 Kf5 38. Kf3 a5 39. g4+ Ke6
40. Kf4 a4 41. Kg5 axb3 42. h5 gxh5 43. gxh5 Rc2 44. h6 Rh2 0-1

[Event "Paris-ch Open B"]
[Site "Paris"]
[Date "2012.07.12"]
[Round "6.6"]
[White "Apap, Hugo"]
[Black "Julien, Jules Alois"]
[Result "1/2-1/2"]
[WhiteElo "1738"]
[BlackElo "1827"]
[PlyCount "97"]
[EventDate "2012.07.07"]
[EventCountry "FRA"]
[SourceDate "2012.07.07"]

1. d4 Nf6 2. c4 e6 3. Nc3 Bb4 4. Qc2 O-O 5. Bg5 d5 6. e3 Nbd7 7. Nf3 c6 8. a3
Qa5 9. Rb1 Bxc3+ 10. Qxc3 Qxc3+ 11. bxc3 Ne4 12. Rc1 f6 13. Bf4 g5 14. Bc7 Rf7
15. cxd5 exd5 16. h3 Nf8 17. Bh2 Bf5 18. Nd2 Nxd2 19. Kxd2 b5 20. Bd3 Bxd3 21.
Kxd3 Re8 22. Ra1 a5 23. a4 bxa4 24. Rxa4 Ra7 25. Rha1 Rea8 26. Bd6 Nd7 27. Bb4
c5 28. Rxa5 c4+ 29. Kc2 Rxa5 30. Rxa5 Rxa5 31. Bxa5 Kf7 32. g4 Ke6 33. f4 f5
34. fxg5 fxg4 35. hxg4 Nf8 36. Bb4 Nd7 37. Kd2 Kf7 38. Ke2 Kg6 39. Be7 Nb6 40.
Bd8 Nc8 41. Bc7 Kxg5 42. Kf3 Na7 43. Bf4+ Kh4 44. e4 dxe4+ 45. Kxe4 Nb5 46. Bd2
Kxg4 47. d5 h5 48. Be1 h4 49. Bxh4 1/2-1/2

[Event "Paris-ch Open B"]
[Site "Paris"]
[Date "2012.07.12"]
[Round "6.7"]
[White "Assedo, Johaquim"]
[Black "Jacquemin, William"]
[Result "1-0"]
[WhiteElo "1890"]
[BlackElo "1763"]
[PlyCount "131"]
[EventDate "2012.07.07"]
[EventCountry "FRA"]
[SourceDate "2012.07.07"]

1. e4 d6 2. d4 Nf6 3. Nc3 g6 4. f4 Bg7 5. Nf3 O-O 6. Bd3 Na6 7. O-O c5 8. d5
Bg4 9. h3 Bxf3 10. Qxf3 Nb4 11. Bd2 c4 12. Bxc4 Nxc2 13. Rac1 Rc8 14. Qd3 Nb4
15. Qe2 Nh5 16. Kh2 Na6 17. g4 Nf6 18. Bxa6 bxa6 19. Qxa6 Rb8 20. b3 Qd7 21. g5
Nh5 22. Qc6 Qd8 23. Ne2 Bb2 24. Rc2 Rc8 25. Qxc8 Qxc8 26. Rxc8 Rxc8 27. Be3 a6
28. Kg2 e6 29. dxe6 fxe6 30. Rd1 Ba3 31. Kf3 Kf7 32. Rd3 Bb4 33. Bd2 Bxd2 34.
Rxd2 Ke7 35. Ke3 Kd7 36. h4 Ng7 37. Kd3 d5 38. exd5 exd5 39. Nd4 Rf8 40. Ke3
Rc8 41. Kd3 Rf8 42. Rf2 Kd6 43. a3 Nh5 44. Ne2 a5 45. Rf3 Kc5 46. Kc3 Rf5 47.
Nd4 Rf7 48. f5 gxf5 49. Rxf5 Re7 50. b4+ axb4+ 51. axb4+ Kd6 52. Rf8 Rc7+ 53.
Kd3 Ke7 54. Rf5 Rd7 55. Re5+ Kf7 56. Rf5+ Ke7 57. b5 Kd6 58. Rf8 Ke5 59. Re8+
Kf4 60. b6 Kg4 61. Rb8 Nf4+ 62. Kc3 Ng6 63. Kb4 Ne5 64. Kb5 Kxh4 65. b7 Kxg5
66. Rg8+ 1-0

[Event "Paris-ch Open B"]
[Site "Paris"]
[Date "2012.07.12"]
[Round "6.8"]
[White "Hombourger, Regis"]
[Black "Bah, Ismael"]
[Result "1/2-1/2"]
[WhiteElo "1851"]
[BlackElo "1755"]
[PlyCount "116"]
[EventDate "2012.07.07"]
[EventCountry "FRA"]
[SourceDate "2012.07.07"]

1. d4 d5 2. c4 c6 3. Nc3 e6 4. e3 Nf6 5. Bd3 Nbd7 6. Nf3 Be7 7. O-O O-O 8. b3
a6 9. Bb2 c5 10. Rc1 cxd4 11. exd4 b6 12. Bb1 Bb7 13. cxd5 exd5 14. Ne5 Re8 15.
Na4 Rc8 16. Rxc8 Qxc8 17. Qd3 g6 18. Rc1 Qb8 19. g3 Bd6 20. f4 Rc8 21. Rxc8+
Qxc8 22. Nxd7 Nxd7 23. Nc3 Nf6 24. Qc2 Qg4 25. Qe2 Qxe2 26. Nxe2 Ne4 27. Bxe4
dxe4 28. a3 f5 29. Nc3 b5 30. b4 Kf7 31. Nd1 Bc7 32. Kf2 Ke6 33. h4 Bd5 34. Ne3
Bb3 35. Bc3 Bb6 36. Ke2 Bd8 37. Kf2 Kf7 38. h5 Be6 39. hxg6+ hxg6 40. Ke2 g5
41. d5 Bd7 42. Be5 Kg6 43. Nc2 gxf4 44. gxf4 a5 45. Nd4 axb4 46. axb4 Kf7 47.
Nb3 Ke8 48. Nc5 Bh4 49. Nb7 Be7 50. Nc5 Bc8 51. Ke3 Kf7 52. Ke2 Ke8 53. Kd1 Kd8
54. Kd2 Bh4 55. Ke2 Bd7 56. Kf1 Be8 57. Nb7+ Ke7 58. Nc5 Bd7 1/2-1/2

[Event "Paris-ch Open B"]
[Site "Paris"]
[Date "2012.07.12"]
[Round "6.9"]
[White "Caille, HUgo"]
[Black "Spiette, Jean Michel"]
[Result "0-1"]
[WhiteElo "1692"]
[BlackElo "1832"]
[PlyCount "64"]
[EventDate "2012.07.07"]
[EventCountry "FRA"]
[SourceDate "2012.07.07"]

1. e4 e5 2. Nf3 Nc6 3. d4 exd4 4. Nxd4 Nxd4 5. Qxd4 d6 6. Nc3 Nf6 7. Bc4 c6 8.
O-O Be7 9. Bf4 Nh5 10. Be3 Be6 11. Be2 Nf6 12. Rad1 O-O 13. h3 b5 14. f4 c5 15.
Qd3 Bc4 16. Qd2 Bxe2 17. Qxe2 b4 18. e5 bxc3 19. exf6 Bxf6 20. bxc3 Re8 21. Qd3
Qa5 22. Bd2 Qxa2 23. Qxd6 Qxc2 24. Qxc5 Re2 25. Qc6 Rd8 26. Rfe1 h6 27. Rxe2
Qxd1+ 28. Kf2 Rxd2 29. Rxd2 Qxd2+ 30. Kg1 Qc1+ 31. Kh2 Qxf4+ 32. Kh1 Qf1+ 0-1

[Event "Paris-ch Open B"]
[Site "Paris"]
[Date "2012.07.12"]
[Round "6.10"]
[White "Balasz, Laurent"]
[Black "Roque, Gaetan"]
[Result "1-0"]
[WhiteElo "1829"]
[BlackElo "1755"]
[PlyCount "93"]
[EventDate "2012.07.07"]
[EventCountry "FRA"]
[SourceDate "2012.07.07"]

1. c4 Nf6 2. Nc3 d5 3. d4 c6 4. Bg5 e6 5. cxd5 exd5 6. Qc2 Be7 7. e3 O-O 8. Bd3
h6 9. Bh4 b6 10. Nf3 Ba6 11. Bxa6 Nxa6 12. Qa4 Nb8 13. O-O Ne4 14. Bxe7 Qxe7
15. Ne5 Nxc3 16. bxc3 c5 17. c4 dxc4 18. Qxc4 cxd4 19. Ng6 Qc5 20. Qxc5 bxc5
21. Nxf8 dxe3 22. Rac1 Kxf8 23. Rxc5 exf2+ 24. Rxf2 Na6 25. Rb5 f6 26. Rc2 Re8
27. Rb7 Re7 28. Rc8+ Kf7 29. Rxe7+ Kxe7 30. Ra8 Nb4 31. Rxa7+ Ke6 32. a3 Nc2
33. a4 g6 34. a5 Nb4 35. a6 Nc6 36. Rb7 h5 37. a7 Nxa7 38. Rxa7 g5 39. Kf2 Kf5
40. g3 Kg4 41. Kg2 Kf5 42. h3 g4 43. Ra5+ Kg6 44. hxg4 hxg4 45. Kf2 f5 46. Ke3
Kg5 47. Rb5 1-0

[Event "Paris-ch Open B"]
[Site "Paris"]
[Date "2012.07.14"]
[Round "7.1"]
[White "Vuddamalay, Milan"]
[Black "Trouve, Guillaume"]
[Result "0-1"]
[WhiteElo "1857"]
[BlackElo "1796"]
[PlyCount "118"]
[EventDate "2012.07.07"]
[EventCountry "FRA"]
[SourceDate "2012.07.07"]

1. d4 Nf6 2. c4 c5 3. d5 b5 4. cxb5 a6 5. b6 d6 6. Nc3 g6 7. e4 Bg7 8. Be2 Nbd7
9. f4 O-O 10. Nf3 Qxb6 11. Nd2 Bb7 12. O-O Rfb8 13. Nc4 Qc7 14. Re1 Nb6 15.
Nxb6 Qxb6 16. Bc4 Nd7 17. Qc2 Qc7 18. Na4 Nf6 19. Rb1 Bc8 20. b3 Bd7 21. Nb2
Bb5 22. Bd2 Re8 23. Bc3 e6 24. dxe6 fxe6 25. e5 Nd5 26. exd6 Qxd6 27. Be5 Bxe5
28. fxe5 Qc7 29. a4 Nb4 30. Qe2 Bxc4 31. Nxc4 Nd5 32. Qg4 Qd7 33. Rf1 Rf8 34.
h4 Kg7 35. h5 Rab8 36. Qg3 Qb7 37. hxg6 hxg6 38. Qg4 Rxf1+ 39. Rxf1 Qxb3 40.
Rf3 Qd1+ 41. Kf2 Rb1 42. Qe4 Rb4 43. Rf6 Qd4+ 44. Qxd4 cxd4 45. Rxe6 Rxc4 46.
Rxa6 d3 47. Rd6 Rc2+ 48. Kf3 Nb4 49. Rd4 Nc6 50. Rd7+ Kf8 51. Ke4 Rc4+ 52. Ke3
Nxe5 53. Rd5 Ng4+ 54. Kxd3 Rxa4 55. Ke2 Kg7 56. Kf3 Kh6 57. Kg3 Ne3 58. Re5
Nf5+ 59. Kh3 Rh4# 0-1

[Event "Paris-ch Open B"]
[Site "Paris"]
[Date "2012.07.14"]
[Round "7.2"]
[White "Hajage, Michael"]
[Black "Jacq, Rene"]
[Result "1-0"]
[WhiteElo "1818"]
[BlackElo "1818"]
[PlyCount "107"]
[EventDate "2012.07.07"]
[EventCountry "FRA"]
[SourceDate "2012.07.07"]

1. e4 d6 2. d4 g6 3. Nc3 Bg7 4. f4 c6 5. Nf3 Bg4 6. Be3 Qb6 7. Qd2 Bxf3 8. gxf3
Nd7 9. O-O-O O-O-O 10. Bc4 e6 11. Bb3 Qa5 12. Rhg1 Ne7 13. Kb1 Kb8 14. h4 d5
15. f5 Ka8 16. fxe6 fxe6 17. h5 dxe4 18. Bg5 e3 19. Qxe3 Nf5 20. Bxd8 Nxe3 21.
Bxa5 Nxd1 22. Nxd1 Bxd4 23. Bc3 Bxc3 24. bxc3 gxh5 25. Bxe6 Nf6 26. Nf2 a6 27.
Ne4 Rf8 28. Rg7 h4 29. Nxf6 Rxf6 30. Bc8 Rh6 31. Bxb7+ Kb8 32. Bxa6 h3 33. Rg1
Kc7 34. Rh1 h2 35. Bd3 Kd6 36. f4 Rh4 37. Kc1 h5 38. Kd2 Rxf4 39. Rxh2 h4 40.
c4 c5 41. Ke3 Ke5 42. Rg2 Rd4 43. c3 Rd8 44. Rg5+ Kf6 45. Rg6+ Kf7 46. Rh6 Ra8
47. Rxh4 Rxa2 48. Rh5 Ra3 49. Rxc5 Rxc3 50. Kd4 Rc1 51. Re5 Kf6 52. Re2 Rh1 53.
Kc5 Rd1 54. Be4 1-0

[Event "Paris-ch Open B"]
[Site "Paris"]
[Date "2012.07.13"]
[Round "7.3"]
[White "Le Bris, Louis"]
[Black "Assedo, Johaquim"]
[Result "1/2-1/2"]
[WhiteElo "1824"]
[BlackElo "1890"]
[PlyCount "86"]
[EventDate "2012.07.07"]
[EventCountry "FRA"]
[SourceDate "2012.07.07"]

1. d4 Nf6 2. Nc3 d5 3. Bg5 Bf5 4. e3 e6 5. Bd3 Bg6 6. Bxg6 hxg6 7. Qd3 c6 8. e4
dxe4 9. Nxe4 Nbd7 10. Nf3 Qa5+ 11. Bd2 Qc7 12. Nxf6+ gxf6 13. O-O-O O-O-O 14.
Qb3 Qb6 15. Qxb6 Nxb6 16. Ba5 Rd5 17. Bxb6 axb6 18. c3 Bd6 19. h3 Kc7 20. Kc2
Ra8 21. a3 b5 22. Rhe1 Rd8 23. Nd2 Be7 24. f3 b6 25. Nb3 f5 26. Nc1 Bh4 27. Rg1
Bg3 28. Ne2 Bd6 29. Nc1 Kd7 30. Nd3 Ke7 31. Nb4 Bxb4 32. axb4 Kf6 33. f4 Ke7
34. Ra1 c5 35. bxc5 bxc5 36. dxc5 Rxc5 37. Rgd1 Rxd1 38. Rxd1 e5 39. fxe5 Rxe5
40. Kd3 Ke6 41. Rf1 Rd5+ 42. Ke3 g5 43. g3 Re5+ 1/2-1/2

[Event "Paris-ch Open B"]
[Site "Paris"]
[Date "2012.07.13"]
[Round "7.4"]
[White "Di Giorgio, Daniele"]
[Black "Marceau, Amaury"]
[Result "1-0"]
[WhiteElo "1810"]
[BlackElo "1843"]
[PlyCount "91"]
[EventDate "2012.07.07"]
[EventCountry "FRA"]
[SourceDate "2012.07.07"]

1. e4 c5 2. Nf3 e6 3. d4 cxd4 4. Nxd4 Nc6 5. Nc3 a6 6. Nxc6 bxc6 7. Bd3 Qc7 8.
O-O Bc5 9. Qg4 g6 10. Kh1 h5 11. Qe2 Ne7 12. f4 d5 13. f5 gxf5 14. exf5 e5 15.
f6 e4 16. fxe7 exd3 17. Qxd3 Be6 18. Bg5 Bxe7 19. Bxe7 Qxe7 20. Rae1 Kd7 21.
Ne2 c5 22. Nf4 c4 23. Qd4 Qd6 24. Re5 Kc6 25. Nxd5 Bxd5 26. Rxd5 Qxd5 27. Rf6+
Qe6 28. Rxe6+ fxe6 29. Qxc4+ Kd6 30. h3 e5 31. Qd3+ Ke6 32. c4 Rad8 33. Qg6+
Ke7 34. Qxa6 Rhe8 35. c5 e4 36. Qc6 Kf7 37. Qc7+ Kg6 38. Qg3+ Kf5 39. Qf2+ Ke5
40. b4 Kd5 41. Qe2 e3 42. a4 h4 43. Kg1 Kc6 44. Kf1 Rf8+ 45. Ke1 Rde8 46. Qb5+
1-0

[Event "Paris-ch Open B"]
[Site "Paris"]
[Date "2012.07.13"]
[Round "7.5"]
[White "Spiette, Jean Michel"]
[Black "Delille, Fabrice"]
[Result "0-1"]
[WhiteElo "1832"]
[BlackElo "1782"]
[PlyCount "90"]
[EventDate "2012.07.07"]
[EventCountry "FRA"]
[SourceDate "2012.07.07"]

1. e4 c5 2. Nf3 Nc6 3. Nc3 g6 4. d4 cxd4 5. Nxd4 Bg7 6. Be3 d6 7. Be2 a6 8. Qd2
Bd7 9. Nd5 Nf6 10. f3 Rc8 11. O-O O-O 12. c3 Re8 13. Nc2 Nxd5 14. exd5 Ne5 15.
Na3 b5 16. Bd4 f6 17. Qe3 e6 18. f4 Nf7 19. Bb6 exd5 20. Qd4 Qe7 21. Bf3 Bc6
22. Nc2 Qb7 23. Ba5 f5 24. Qd2 d4 25. Bxc6 Qxc6 26. Nxd4 Qc5 27. Rfd1 Re4 28.
Rac1 Rce8 29. Qf2 Bxd4 30. cxd4 Qd5 31. b3 Re2 32. Rc8 Qe4 33. Rxe8+ Qxe8 34.
Qf3 Rxa2 35. Re1 Qc8 36. Bc3 Rc2 37. Re3 Kf8 38. Qh3 h6 39. Be1 Qc6 40. Re6 Qd5
41. Rxg6 Qxd4+ 42. Kh1 Qd1 43. Qg3 Re2 44. Rg8+ Ke7 45. Qh4+ Kd7 0-1

[Event "Paris-ch Open B"]
[Site "Paris"]
[Date "2012.07.13"]
[Round "7.6"]
[White "Fourtoy, Jean Michel"]
[Black "Balazs, Laurent"]
[Result "1-0"]
[WhiteElo "1755"]
[BlackElo "1829"]
[PlyCount "55"]
[EventDate "2012.07.07"]
[EventCountry "FRA"]
[SourceDate "2012.07.07"]

1. d4 d5 2. e3 e6 3. Bd3 Nd7 4. f4 f5 5. Nf3 Ngf6 6. O-O Be7 7. Nbd2 Ne4 8. Ne5
Nxe5 9. fxe5 Bd7 10. Nxe4 dxe4 11. Bc4 c6 12. c3 Qc7 13. Qb3 O-O-O 14. Bxe6
Bxe6 15. Qxe6+ Qd7 16. Qxd7+ Kxd7 17. Rxf5 Rdf8 18. Rf4 Rxf4 19. exf4 Ke6 20.
Be3 Kd5 21. b3 Ba3 22. c4+ Ke6 23. Rd1 Rd8 24. g4 g6 25. Kf2 a6 26. Ke2 Bb2 27.
Bf2 Rd7 28. Ke3 1-0

[Event "Paris-ch Open B"]
[Site "Paris"]
[Date "2012.07.13"]
[Round "7.7"]
[White "Julien, Jules Alois"]
[Black "Douat, Jean"]
[Result "0-1"]
[WhiteElo "1827"]
[BlackElo "1767"]
[PlyCount "80"]
[EventDate "2012.07.07"]
[EventCountry "FRA"]
[SourceDate "2012.07.07"]

1. a3 d5 2. Nf3 e6 3. e3 c5 4. c4 Nf6 5. b4 Be7 6. bxc5 Bxc5 7. d4 Be7 8. Nc3
O-O 9. Bd3 b6 10. cxd5 exd5 11. O-O Bb7 12. Bb2 Nc6 13. Re1 Na5 14. Nd2 Rc8 15.
f3 a6 16. e4 Nc4 17. Nxc4 dxc4 18. Bb1 b5 19. Kh1 Re8 20. Qc2 g6 21. Ne2 Qc7
22. d5 Nh5 23. Qd2 Bd6 24. g3 Qb6 25. Nd4 a5 26. Bc2 b4 27. Reb1 Qc5 28. Qf2 b3
29. Bd1 c3 30. Rc1 cxb2 31. Qxb2 Qb6 32. f4 Bc5 33. Rxc5 Rxc5 34. Bxh5 Rxe4 35.
Bd1 Bxd5 36. Nf3 Re3 37. Qf2 Rcc3 38. Kg2 Qc5 39. Be2 Bxf3+ 40. Bxf3 Rc2 0-1

[Event "Paris-ch Open B"]
[Site "Paris"]
[Date "2012.07.13"]
[Round "7.8"]
[White "Apap, Axel"]
[Black "Lutard, Florian"]
[Result "0-1"]
[WhiteElo "1738"]
[BlackElo "1825"]
[PlyCount "84"]
[EventDate "2012.07.07"]
[EventCountry "FRA"]
[SourceDate "2012.07.07"]

1. d4 d5 2. c4 dxc4 3. Nc3 Nf6 4. e4 e5 5. d5 c6 6. dxc6 Qxd1+ 7. Kxd1 Nxc6 8.
Bxc4 Bb4 9. f3 O-O 10. Nge2 Rd8+ 11. Kc2 Na5 12. Bd3 Be6 13. b3 Nc6 14. Rd1 Bc5
15. a3 Nd4+ 16. Nxd4 Bxd4 17. Rb1 Rac8 18. Bd2 Nd7 19. Kb2 Nc5 20. Bc2 a5 21.
Be1 b5 22. Kc1 b4 23. axb4 axb4 24. Nd5 Bxd5 25. exd5 Rb8 26. Be4 Rdc8 27. Kd2
Ra8 28. Ke2 Nxe4 29. fxe4 Rc2+ 30. Rd2 Rc3 31. Rxd4 exd4 32. Bxc3 dxc3 33. Kd3
f6 34. Kc4 Rb8 35. Ra1 Kf8 36. Kd3 Rb7 37. Ra6 Ke7 38. Rc6 Kd7 39. Kc4 Rc7 40.
Rxc7+ Kxc7 41. Kd3 Kd6 42. g4 g6 0-1

[Event "Paris-ch Open B"]
[Site "Paris"]
[Date "2012.07.14"]
[Round "7.9"]
[White "Theodore, Simon"]
[Black "Leclerc, Arnaud"]
[Result "1/2-1/2"]
[WhiteElo "1793"]
[BlackElo "1890"]
[PlyCount "100"]
[EventDate "2012.07.07"]
[EventCountry "FRA"]
[SourceDate "2012.07.07"]

1. c4 f5 2. Nc3 Nf6 3. g3 e5 4. Bg2 Nc6 5. d3 Bc5 6. Nf3 O-O 7. O-O a6 8. Nxe5
Nxe5 9. d4 Bxd4 10. Qxd4 d6 11. Nd5 Nc6 12. Nxf6+ Qxf6 13. Qxf6 Rxf6 14. Rd1
Be6 15. b3 Re8 16. Bb2 Rf7 17. Re1 f4 18. Bf3 fxg3 19. hxg3 Rfe7 20. Bg2 Bf5
21. a3 Rxe2 22. Bc3 Kf8 23. Bf3 Rxe1+ 24. Rxe1 Rxe1+ 25. Bxe1 Nd8 26. Bb4 Bc2
27. c5 Ke7 28. cxd6+ cxd6 29. Bd5 Nc6 30. Bc3 g6 31. f4 Nd8 32. b4 Bf5 33. Kf2
Be6 34. Bf3 Kd7 35. a4 Kc7 36. Ke3 Nc6 37. g4 Ne7 38. Bf6 Nd5+ 39. Bxd5 Bxd5
40. Kd4 Bf3 41. g5 Kc6 42. a5 Kb5 43. Kc3 Kc6 44. Kd4 Kd7 45. Ke3 Bd5 46. Bd4
Ke6 47. Bb6 Bc6 48. Kd4 Kf5 49. Ke3 Ke6 50. Kd4 Kd7 1/2-1/2

[Event "Paris-ch Open B"]
[Site "Paris"]
[Date "2012.07.13"]
[Round "7.10"]
[White "Sochacki, Zenon"]
[Black "Joret, Philippe"]
[Result "1-0"]
[WhiteElo "1884"]
[BlackElo "1756"]
[PlyCount "99"]
[EventDate "2012.07.07"]
[EventCountry "FRA"]
[SourceDate "2012.07.07"]

1. f4 Nf6 2. b3 d5 3. Bb2 e6 4. Nf3 Be7 5. e3 O-O 6. d4 Ne4 7. Bd3 f5 8. O-O
Nd7 9. Nbd2 c5 10. a4 Ndf6 11. Bxe4 Nxe4 12. Nxe4 fxe4 13. Ne5 Bd7 14. dxc5
Bxc5 15. Bd4 Rc8 16. Rf2 b6 17. Qd2 Qe7 18. Rb1 Bc6 19. g4 Bb7 20. b4 Bd6 21.
c3 Rc7 22. g5 Bxe5 23. Bxe5 Rd7 24. h4 Qf7 25. Qe2 Qe7 26. h5 Qe8 27. h6 g6 28.
Rff1 Qc8 29. Rfc1 Qc4 30. Qd2 Rdd8 31. Rd1 Bc6 32. Qc2 Bd7 33. b5 Rf7 34. Rb4
Qc8 35. Qd2 Be8 36. Rc1 Qb7 37. Qe1 Rc8 38. c4 Bd7 39. Bb2 Kf8 40. Qc3 Ke7 41.
Qd4 Rc5 42. Ba3 Kd8 43. Rbb1 Rc8 44. c5 bxc5 45. Bxc5 Be8 46. Rb2 Qb8 47. Rbc2
Qb7 48. Bb6+ axb6 49. Rxc8+ Qxc8 50. Rxc8+ 1-0

[Event "Paris-ch Open B"]
[Site "Paris"]
[Date "2012.07.14"]
[Round "8.1"]
[White "Trouve, Guillaume"]
[Black "Hajage, Michael"]
[Result "0-1"]
[WhiteElo "1796"]
[BlackElo "1818"]
[PlyCount "54"]
[EventDate "2012.07.07"]
[EventCountry "FRA"]
[SourceDate "2012.07.07"]

1. e4 e5 2. Nf3 Nc6 3. Bc4 Nf6 4. d3 Bc5 5. c3 d6 6. Nbd2 a6 7. Bb3 Ba7 8. Nf1
Ne7 9. Ng3 Ng6 10. h3 O-O 11. O-O Be6 12. Re1 c6 13. d4 Re8 14. Bxe6 fxe6 15.
h4 Qc7 16. Bg5 Nf4 17. Qd2 N6h5 18. Nxh5 Nxh5 19. g4 Rf8 20. gxh5 Rxf3 21. Re3
Raf8 22. Rxf3 Rxf3 23. Kg2 Rf8 24. h6 Qf7 25. hxg7 Qf3+ 26. Kg1 Qg4+ 27. Kh2
Rf3 0-1

[Event "Paris-ch Open B"]
[Site "Paris"]
[Date "2012.07.14"]
[Round "8.2"]
[White "Lutard, Florian"]
[Black "Di Giorgio"]
[Result "1/2-1/2"]
[WhiteElo "1825"]
[BlackElo "1810"]
[PlyCount "52"]
[EventDate "2012.07.07"]
[EventCountry "FRA"]
[SourceDate "2012.07.07"]

1. d4 d5 2. c4 e6 3. Nc3 Nf6 4. Nf3 Be7 5. Bg5 O-O 6. e3 Nbd7 7. Bd3 a6 8. cxd5
exd5 9. O-O Re8 10. Qc2 c6 11. Nd2 Nf8 12. h3 g6 13. Bf4 Ne6 14. Bh2 Ng7 15.
Nf3 Bf5 16. Ne5 Bxd3 17. Qxd3 Nf5 18. Rab1 Nd6 19. Na4 Nd7 20. Nxd7 Qxd7 21.
Nc5 Qc8 22. Rfc1 Nc4 23. b3 Na3 24. Rb2 b6 25. Na4 Qb7 26. Nc3 Rac8 1/2-1/2

[Event "Paris-ch Open B"]
[Site "Paris"]
[Date "2012.07.14"]
[Round "8.3"]
[White "Delille, Fabrice"]
[Black "Fourtoy, Jean Michel"]
[Result "0-1"]
[WhiteElo "1786"]
[BlackElo "1753"]
[PlyCount "186"]
[EventDate "2012.07.07"]
[EventCountry "FRA"]
[SourceDate "2012.07.07"]

1. e4 d5 2. exd5 Qxd5 3. Nc3 Qa5 4. g3 Nf6 5. Bg2 c6 6. Nge2 Bf5 7. O-O e6 8.
d3 Qc7 9. Re1 Bg4 10. Bf4 Bd6 11. Bg5 Nbd7 12. Qd2 Bxe2 13. Nxe2 h6 14. Be3 Nd5
15. Bd4 N7f6 16. c4 Bb4 17. Nc3 Nxc3 18. bxc3 Be7 19. Rab1 O-O 20. Be5 Qd7 21.
Rb3 Rac8 22. Reb1 b6 23. a4 Ne8 24. a5 f6 25. Bf4 e5 26. Be3 bxa5 27. Rb7 Rc7
28. Qb2 Nd6 29. Rxc7 Qxc7 30. Qa2 Kh7 31. Qa4 c5 32. Bd5 Rc8 33. f4 Nf5 34. Bd2
Rb8 35. Rb5 Rxb5 36. cxb5 Bd6 37. Qe4 g6 38. Be6 Ne7 39. fxe5 Bxe5 40. Qh4 h5
41. d4 cxd4 42. cxd4 Qb6 43. Bc4 Qxd4+ 44. Qxd4 Bxd4+ 45. Kf1 Bb6 46. Bc3 Nf5
47. Ke2 Bg1 48. Bxf6 Bxh2 49. g4 hxg4 50. Bd5 Bc7 51. Kd3 Bb6 52. Bg5 g3 53.
Ke2 Nd6 54. Kf3 Nxb5 55. Kxg3 Nc3 56. Bc6 Bd4 57. Bd2 a4 58. Bxc3 Bxc3 59. Bxa4
g5 60. Kg4 Bd2 61. Bd7 Kg7 62. Kf5 Kf7 63. Bc8 Ke7 64. Ke5 a5 65. Kd4 Kd6 66.
Kd3 Bc1 67. Kc2 Ba3 68. Kd3 Bc1 69. Kc2 Ba3 70. Kd3 Bc5 71. Ke4 Bb6 72. Kf5 Bd8
73. Be6 Kc5 74. Ke4 Kb4 75. Kd3 Bf6 76. Kc2 a4 77. Kb1 a3 78. Ka2 Bb2 79. Kb1
Kc3 80. Bg4 Kd2 81. Be6 Ke3 82. Kc2 Kf4 83. Kd2 g4 84. Ke2 Kg3 85. Kd2 Kf2 86.
Kc2 g3 87. Bd5 g2 88. Bxg2 Kxg2 89. Kb1 Kf2 90. Ka2 Ke1 91. Kb3 Kd2 92. Ka2 Kc1
93. Kb3 Kb1 0-1

[Event "Paris-ch Open B"]
[Site "Paris"]
[Date "2012.07.14"]
[Round "8.5"]
[White "Assedo, Johaquim"]
[Black "Vuddamalay, Milan"]
[Result "1/2-1/2"]
[WhiteElo "1890"]
[BlackElo "1857"]
[PlyCount "94"]
[EventDate "2012.07.07"]
[EventCountry "FRA"]
[SourceDate "2012.07.07"]

1. e4 c5 2. Nf3 d6 3. d4 cxd4 4. Nxd4 Nf6 5. Nc3 g6 6. Be3 Bg7 7. Bc4 Nc6 8. f3
O-O 9. Qd2 Bd7 10. Bb3 Rc8 11. O-O-O Ne5 12. h4 h5 13. Nde2 a5 14. Bh6 b5 15.
Bxg7 Kxg7 16. a4 bxa4 17. Bxa4 Rb8 18. b3 Bxa4 19. Nxa4 Qc7 20. Nec3 Rfc8 21.
Qe2 Qb7 22. g4 hxg4 23. fxg4 Nexg4 24. Rdg1 Ne5 25. h5 Rh8 26. hxg6 fxg6 27.
Qe3 Rxh1 28. Rxh1 Rh8 29. Rxh8 Kxh8 30. Nb6 Kg7 31. Nbd5 Neg4 32. Qg5 Kf7 33.
Nf4 Ne5 34. Ncd5 Nxe4 35. Qh4 Ke8 36. Ne6 Nf6 37. Nxf6+ exf6 38. Qh8+ Kd7 39.
Qg7+ Kc8 40. Qf8+ Kd7 41. Qg7+ Kc8 42. Qxf6 Qb6 43. Nf4 Qg1+ 44. Kb2 Qd4+ 45.
Kb1 Qd1+ 46. Kb2 Qd4+ 47. Kb1 Qd1+ 1/2-1/2

[Event "Paris-ch Open B"]
[Site "Paris"]
[Date "2012.07.14"]
[Round "8.6"]
[White "Stark, Antoine"]
[Black "Graton, Tanguy"]
[Result "0-1"]
[WhiteElo "1597"]
[BlackElo "1882"]
[PlyCount "94"]
[EventDate "2012.07.07"]
[EventCountry "FRA"]
[SourceDate "2012.07.07"]

1. d4 Nf6 2. c4 b6 3. Nc3 Bb7 4. Nf3 e6 5. Bg5 Bb4 6. a3 Bxc3+ 7. bxc3 d6 8. e3
Nbd7 9. Bd3 O-O 10. O-O c5 11. e4 Qc7 12. Qe2 h6 13. Bh4 Nh5 14. Bg3 Nxg3 15.
fxg3 e5 16. d5 Nf6 17. Nh4 Bc8 18. Nf5 Kh7 19. g4 Ng8 20. g5 g6 21. Nxh6 Nxh6
22. gxh6 Kxh6 23. g4 Qd7 24. g5+ Kg7 25. Rf6 Ba6 26. Qf3 Rad8 27. Rf1 Bc8 28.
Be2 Rde8 29. h4 Re7 30. h5 gxh5 31. Rg6+ Kxg6 32. Qf6+ Kh7 33. Bxh5 Ree8 34.
Rf2 Qh3 35. g6+ Kh6 36. gxf7+ Kxh5 37. fxe8=Q+ Rxe8 38. Rh2 Rg8+ 39. Kh1 Kg4
40. Rxh3 Kxh3 41. Qh6+ Kg3 42. Qxd6 Rg5 43. Qh6 Rg4 44. Qe3+ Kh4 45. Kh2 Rf4
46. Qg3+ Kh5 47. Qg8 Rh4+ 0-1